| 000 | 00344nam a2200133Ia 4500 | ||
|---|---|---|---|
| 008 | 240624s9999 xx 000 0 und d | ||
| 041 | _aeng | ||
| 082 | _a658.152 ASP | ||
| 100 | _aASPAN MARIA | ||
| 245 | _aSTARTUP MONEY MADE EASY THE INC GUIDE TO | ||
| 260 |
_c2019 _aNew York _bHarper Collins Leadership |
||
| 300 | _a230 p. | ||
| 365 |
_c _b33 |
||
| 999 |
_c32691 _d32691 |
||